Lecciones de derecho del empleo

محفوظ في:
التفاصيل البيبلوغرافية
المؤلف الرئيسي: Rodríguez-Piñero Royo, Miguel C (مؤلف)
التنسيق: كتاب
اللغة:الإسبانية
منشور في: Madrid Tecnos 2003
الطبعة:1a. ed
سلاسل:Ciencias del Trabajo
الموضوعات:
الوسوم: إضافة وسم
لا توجد وسوم, كن أول من يضع وسما على هذه التسجيلة!

MARC

LEADER 00000nam a2200000 a 4500
001 UCK7637
003 CL-VaPUC
008 051202e20030000SP |||||||||||||||||spa|d
020 |a 8430940308 
082 0 4 |a 344.4601  |b ROD  |2 21 
100 0 |a Rodríguez-Piñero Royo, Miguel C  |e author  |9 497155 
245 1 0 |a Lecciones de derecho del empleo 
250 |a 1a. ed 
300 |a 507 p 
942 |c BK 
945 |d 20051202 00:00:00  |a cmena 
260 |a Madrid  |b Tecnos  |c 2003 
650 7 |a DERECHO LABORAL  |2 CL-VaPUC  |9 15 
650 0 |a Fuentes del derecho   |9 255162 
650 0 |a Jurisprudencia  |9 255952 
650 0 |a Contratos  |9 255153 
650 0 |a Sindicatos  |9 255034 
650 0 |a Obligaciones contractuales  |9 386117 
650 0 |a Ordenamiento jurídico   |9 355371 
651 0 |a España  |9 254926 
583 |a last modification  |c 20170731 11:59:04  |k Rodrigo Vera 
490 0 |a Ciencias del Trabajo 
999 |c 315489  |d 315487 
952 |0 0  |1 0  |4 0  |6 344_460100000000000_ROD_2003  |7 0  |8 A  |9 388794  |a BIBDER  |b BIBDER  |d 2019-11-22  |i 4188721  |o 344.4601 ROD 2003  |p 4188721  |r 2023-01-25  |w 2019-11-22  |y BK  |k DER